<?xml version="1.0" encoding="UTF-8"?>
<record
    xmlns:xsi="http://www.w3.org/2001/XMLSchema-instance"
    xsi:schemaLocation="http://www.loc.gov/MARC21/slim http://www.loc.gov/standards/marcxml/schema/MARC21slim.xsd"
    xmlns="http://www.loc.gov/MARC21/slim">

  <leader>01399nam a22003497i 4500</leader>
  <datafield tag="999" ind1=" " ind2=" ">
    <subfield code="c">172008</subfield>
    <subfield code="d">172008</subfield>
  </datafield>
  <controlfield tag="003">PPAK</controlfield>
  <controlfield tag="005">20190410124224.0</controlfield>
  <controlfield tag="008">190409s2017    nyufa||j |||| 00| 1 eng d</controlfield>
  <datafield tag="020" ind1=" " ind2=" ">
    <subfield code="a">9780316507547</subfield>
    <subfield code="c">RM33.90</subfield>
    <subfield code="q">paperback</subfield>
  </datafield>
  <datafield tag="040" ind1=" " ind2=" ">
    <subfield code="a">PPAK</subfield>
    <subfield code="b">eng</subfield>
    <subfield code="c">PPAK</subfield>
    <subfield code="e">rda</subfield>
  </datafield>
  <datafield tag="082" ind1="0" ind2="4">
    <subfield code="2">23</subfield>
    <subfield code="a">823.92</subfield>
  </datafield>
  <datafield tag="090" ind1="0" ind2="0">
    <subfield code="a">823.92</subfield>
    <subfield code="b">CHE</subfield>
    <subfield code="d">K</subfield>
  </datafield>
  <datafield tag="100" ind1="1" ind2="0">
    <subfield code="a">Chesterfield, Sadie,</subfield>
    <subfield code="e">author.</subfield>
  </datafield>
  <datafield tag="245" ind1="1" ind2="0">
    <subfield code="a">DESPICABLE ME 3 :</subfield>
    <subfield code="b">The Junior Novel /</subfield>
    <subfield code="c">Adapted by Sadie Chesterfield</subfield>
  </datafield>
  <datafield tag="246" ind1="3" ind2="0">
    <subfield code="a">Despicable me three</subfield>
  </datafield>
  <datafield tag="250" ind1=" " ind2=" ">
    <subfield code="a">Firt edition</subfield>
  </datafield>
  <datafield tag="264" ind1=" " ind2="1">
    <subfield code="a">New York : </subfield>
    <subfield code="b">Little, Brown and Company, </subfield>
    <subfield code="c">2017</subfield>
  </datafield>
  <datafield tag="264" ind1=" " ind2="4">
    <subfield code="c">&#xA9;2017</subfield>
  </datafield>
  <datafield tag="300" ind1=" " ind2=" ">
    <subfield code="a">133 pages, 8 unnumbered pages of plates :</subfield>
    <subfield code="b">illustrations (chiefly colour) ; </subfield>
    <subfield code="c">19 cm.</subfield>
  </datafield>
  <datafield tag="336" ind1=" " ind2=" ">
    <subfield code="2">rdacontent</subfield>
    <subfield code="a">text</subfield>
  </datafield>
  <datafield tag="337" ind1=" " ind2=" ">
    <subfield code="2">rdamedia</subfield>
    <subfield code="a">unmediated</subfield>
  </datafield>
  <datafield tag="338" ind1=" " ind2=" ">
    <subfield code="2">rdacarrier</subfield>
    <subfield code="a">volume</subfield>
  </datafield>
  <datafield tag="500" ind1=" " ind2=" ">
    <subfield code="a">Based on the motion picture screenplay written by Cinco Paul and Ken Daurio."</subfield>
  </datafield>
  <datafield tag="520" ind1=" " ind2=" ">
    <subfield code="a">When Gru goes up against supervillain Balthazar Bratt, he and Lucy lose their jobs at the Anti-Villain League. The adventure begins when Gru, Lucy, and the girls meet up with Gru's long-lost twin brother, Dru, in Freedonia.</subfield>
  </datafield>
  <datafield tag="650" ind1="1" ind2="0">
    <subfield code="a">Twins </subfield>
    <subfield code="v">Juvenile fiction</subfield>
  </datafield>
  <datafield tag="650" ind1="2" ind2="0">
    <subfield code="a">Brothers </subfield>
    <subfield code="v">Juvenile fiction</subfield>
  </datafield>
  <datafield tag="650" ind1="2" ind2="0">
    <subfield code="a">Supervillains</subfield>
    <subfield code="v">Juvenile fiction</subfield>
  </datafield>
  <datafield tag="650" ind1="2" ind2="0">
    <subfield code="a">Children's stories</subfield>
    <subfield code="v">Juvenile fiction</subfield>
  </datafield>
  <datafield tag="655" ind1="7" ind2=" ">
    <subfield code="a">Juvenile fiction</subfield>
  </datafield>
  <datafield tag="655" ind1="7" ind2=" ">
    <subfield code="a">Adventure stories</subfield>
  </datafield>
  <datafield tag="942" ind1=" " ind2=" ">
    <subfield code="2">ddc</subfield>
    <subfield code="c">B</subfield>
  </datafield>
  <datafield tag="952" ind1=" " ind2=" ">
    <subfield code="0">0</subfield>
    <subfield code="7">0</subfield>
    <subfield code="b">PPAK</subfield>
    <subfield code="c">K</subfield>
    <subfield code="d">2019-04-21</subfield>
    <subfield code="l">5</subfield>
    <subfield code="o">K 823.92 CHE</subfield>
    <subfield code="p">A01598225</subfield>
    <subfield code="r">2020-11-08 00:00:00</subfield>
    <subfield code="s">2020-09-08</subfield>
    <subfield code="y">B</subfield>
  </datafield>
  <datafield tag="952" ind1=" " ind2=" ">
    <subfield code="0">0</subfield>
    <subfield code="7">0</subfield>
    <subfield code="b">PPAK</subfield>
    <subfield code="c">K</subfield>
    <subfield code="d">2019-04-21</subfield>
    <subfield code="l">12</subfield>
    <subfield code="m">1</subfield>
    <subfield code="o">K 823.92 CHE</subfield>
    <subfield code="p">A01598226</subfield>
    <subfield code="r">2026-05-14 14:53:30</subfield>
    <subfield code="s">2026-04-27</subfield>
    <subfield code="y">B</subfield>
  </datafield>
  <datafield tag="952" ind1=" " ind2=" ">
    <subfield code="0">0</subfield>
    <subfield code="7">0</subfield>
    <subfield code="b">SP</subfield>
    <subfield code="c">K</subfield>
    <subfield code="d">2019-04-21</subfield>
    <subfield code="l">17</subfield>
    <subfield code="m">2</subfield>
    <subfield code="o">K 823.92 CHE</subfield>
    <subfield code="p">A01598227</subfield>
    <subfield code="r">2026-06-16 15:39:11</subfield>
    <subfield code="s">2026-05-19</subfield>
    <subfield code="y">B</subfield>
  </datafield>
  <datafield tag="952" ind1=" " ind2=" ">
    <subfield code="0">0</subfield>
    <subfield code="7">0</subfield>
    <subfield code="b">JT</subfield>
    <subfield code="c">K</subfield>
    <subfield code="d">2019-04-21</subfield>
    <subfield code="l">9</subfield>
    <subfield code="o">K 823.92 CHE</subfield>
    <subfield code="p">A01598228</subfield>
    <subfield code="r">2026-03-11 13:35:14</subfield>
    <subfield code="s">2026-03-07</subfield>
    <subfield code="y">B</subfield>
  </datafield>
  <datafield tag="952" ind1=" " ind2=" ">
    <subfield code="0">0</subfield>
    <subfield code="7">0</subfield>
    <subfield code="b">LW</subfield>
    <subfield code="c">K</subfield>
    <subfield code="d">2019-04-21</subfield>
    <subfield code="l">3</subfield>
    <subfield code="o">K 823.92 CHE</subfield>
    <subfield code="p">A01598229</subfield>
    <subfield code="r">2023-02-20 00:00:00</subfield>
    <subfield code="s">2023-02-01</subfield>
    <subfield code="y">B</subfield>
  </datafield>
</record>
